000
00279nam a2200109Ia 4500
008
200302s9999 xx 000 0 und d
100
_a
Chen Jinming and Other
245
_a
1000 Packaging Structure
260
_b
Design Media Publishing (UK) Ltd.,
260
_c
2011
300
_a
1006
999
_c
7381
_d
7381